Selektívne heterogénne katalyzátory a ich aplikácie v petrochemických procesoch
Salvato in:
| Autore principale: | |
|---|---|
| Altri autori: | |
| Natura: | Manoscritto Libro |
| Lingua: | slovacco |
| Pubblicazione: |
2025
|
| Soggetti: | |
| Accesso online: | http://is.stuba.sk/zp/portal_zp.pl?podrobnosti_zp=105317 |
| Tags: |
Nessun Tag, puoi essere il primo ad aggiungerne!!
|
MARC
| LEADER | 00000ntm a22000003a 4500 | ||
|---|---|---|---|
| 001 | stuzp105317 | ||
| 003 | SK-STU | ||
| 005 | 20251004210315.5 | ||
| 007 | ta | ||
| 008 | 150427s2015----xo-----f-mn---000-0-slo-d | ||
| 040 | |a STU |b slo | ||
| 041 | 0 | |a slo | |
| 100 | 1 | |a Horňáček, Michal |u 040906 |k Z1 |4 aut |U FCHPT Dekanát |T FCHPT Projektové stredisko |X 10240 |U 040906 |Y 693 |7 A000010240 | |
| 242 | 0 | 1 | |a Selective heterogeneous catalysts and their applications in petrochemical processes |y eng |
| 245 | 1 | 0 | |a Selektívne heterogénne katalyzátory a ich aplikácie v petrochemických procesoch |
| 260 | |c 2025 | ||
| 650 | 4 | |a Heterogénne katalyzátory |2 slo | |
| 650 | 4 | |a bifunkčné katalyzátory |2 slo | |
| 650 | 4 | |a zeolity |2 slo | |
| 650 | 4 | |a hydrotalkity |2 slo | |
| 650 | 4 | |a 1- alkény |2 slo | |
| 650 | 4 | |a metán |2 slo | |
| 650 | 4 | |a dehydroaromatizácia |2 slo | |
| 650 | 4 | |a metanol |2 slo | |
| 650 | 4 | |a transesterifikácia |2 slo | |
| 650 | 4 | |a zmesové oxidy |2 slo | |
| 650 | 4 | |a alkylácia |2 slo | |
| 650 | 4 | |a aromatické uhľovodíky |2 slo | |
| 650 | 4 | |a bionafta |2 slo | |
| 650 | 4 | |a hydrotalcites |2 eng | |
| 650 | 4 | |a alkylation |2 eng | |
| 650 | 4 | |a aromatic hydrocarbons |2 eng | |
| 650 | 4 | |a methanol |2 eng | |
| 650 | 4 | |a Heterogeneous catalysts |2 eng | |
| 650 | 4 | |a bifunctional catalysts |2 eng | |
| 650 | 4 | |a zeolites |2 eng | |
| 650 | 4 | |a 1-alkenes |2 eng | |
| 650 | 4 | |a methane |2 eng | |
| 650 | 4 | |a dehydroaromatization |2 eng | |
| 650 | 4 | |a biodiesel |2 eng | |
| 650 | 4 | |a transesterification |2 eng | |
| 700 | 1 | |a , |4 ths |X null |7 null | |
| 856 | 4 | |u http://is.stuba.sk/zp/portal_zp.pl?podrobnosti_zp=105317 | |